Property companies to measure up (Record no. 67262)

MARC details
000 -LEADER
fixed length control field 01026cam a2200205 4500
001 - CONTROL NUMBER
control field WB3722-19
008 - FIXED-LENGTH DATA ELEMENTS--GENERAL INFORMATION
fixed length control field 000000n2001 000 0 eng u
035 ## - SYSTEM CONTROL NUMBER
System control number (Sirsi) u113001
245 ## - TITLE STATEMENT
Title Property companies to measure up
260 ## - PUBLICATION, DISTRIBUTION, ETC.
Date of publication, distribution, etc. 2001
490 ## - SERIES STATEMENT
Series statement Green Futures
Volume/sequential designation (28) May/June 2001, 10(1)
520 ## - SUMMARY, ETC.
Summary, etc. To help managers of large portfolios of commercial property get an environmental profile of their stock more simply, the BRE has published "Environmental benchmarking for property portfolio managers". It is intended for existing buildings such as shops, offices and banks, and shows how to calculate an overall environmental score, based on benchmarks on transport, water, energy, pollution, waste, longevity of buildings and management issues. Contact BRE on 01923 664000; http://www.bre.co.uk
590 ## - LOCAL NOTE (RLIN)
Local note WB
650 ## - SUBJECT ADDED ENTRY--TOPICAL TERM
Topical term or geographic name entry element ENVIRONMENTAL BENCHMARKING
650 ## - SUBJECT ADDED ENTRY--TOPICAL TERM
Topical term or geographic name entry element BRE
650 ## - SUBJECT ADDED ENTRY--TOPICAL TERM
Topical term or geographic name entry element PROPERTY PORTFOLIOS
650 ## - SUBJECT ADDED ENTRY--TOPICAL TERM
Topical term or geographic name entry element ENERGY EFFICIENCY
690 ## - LOCAL SUBJECT ADDED ENTRY--TOPICAL TERM (OCLC, RLIN)
Topical term or geographic name as entry element PROPERTY MANAGEMENT-COMMERCIAL PROPERTY
942 ## - ADDED ENTRY ELEMENTS (KOHA)
Suppress in OPAC 0
Holdings
Withdrawn status Lost status Source of classification or shelving scheme Damaged status Not for loan Home library Current library Shelving location Date acquired Total Checkouts Full call number Barcode Date last seen Copy number Price effective from Koha item type
    Dewey Decimal Classification     London London News article 07/06/2001   WB3722-19 113001-1001 06/08/2019 1 06/08/2019 News article